000 00482cam a2200193ua 4500
001 801
005 20260515113227.0
008 110420n ii |||gr||||Z||||||eng
040 _cMAIN
082 _a342.54
245 1 _aIntroduction to the constitution of India.
_cBy M V Pylee.
250 _a1st.
260 _aNew Delhi.:
_bVikash.,995.
300 _a323 p.:
_c20 cm.
653 _aPolitical science.
653 _aConstitution of India.
700 1 _aPylee, M V.,
942 _cBK
999 _c727
_d727